| 000 | 00357nam a2200145 i 4500 | ||
|---|---|---|---|
| 001 | bg | ||
| 100 | 1 | _aDAJNIAK, Henryk | |
| 245 | 0 |
_aBudowa ciagników : _balbum rysunków / _cHenryk Dajniak. |
|
| 260 |
_aŁódź, _c1980. |
||
| 040 | _cBPK | ||
| 041 | _apol | ||
| 080 | _a631.3:629.114.2(075.8) | ||
| 942 | _cKS | ||
| 008 | s pl f |000 0 pol | ||
| 999 |
_c19626 _d19626 |
||
| 856 |
_uhttp://koha.tu.koszalin.pl/cgi-bin/koha/opac-detail.pl?biblionumber=19626 _yKatalog online BPK |
||